[Event "Zonal 2.4 Brasil 2011"]
[Site "Rio de Janeiro BRA"]
[Date "2011.06.24"]
[Round "7.26"]
[White "Ferreira, Alexander"]
[Black "Ferreira, Jose Carlos"]
[Result "0-1"]
[WhiteElo "1713"]
[BlackElo "1960"]
[PlyCount "142"]
[EventDate "2011.06.18"]
[EventType "swiss"]
[EventRounds "9"]
[EventCountry "BRA"]
[Source "lmi"]
[SourceDate "2011.06.18"]

1. e4 c5 2. Nf3 e6 3. d4 cxd4 4. Nxd4 a6 5. Nc3 b5 6. a3 Bb7 7. f4 d6 8. Nf3
Nd7 9. Be3 Ngf6 10. Nd2 Qc7 11. Be2 Be7 12. O-O Rc8 13. Bf3 e5 14. f5 Nc5 15.
Rc1 Bc6 16. b4 Ncd7 17. Nb3 Ba8 18. Nd5 Bxd5 19. exd5 Bd8 20. Qd3 O-O 21. Na5
Nb8 22. c4 Qe7 23. Be4 Bxa5 24. bxa5 bxc4 25. Rxc4 Rxc4 26. Qxc4 Nxe4 27. Qxe4
Rc8 28. f6 Qf8 29. fxg7 Qxg7 30. Rf3 Kh8 31. Rg3 Qf6 32. Bg5 Qg6 33. Qxg6 fxg6
34. Be7 Rc1+ 35. Kf2 Rd1 36. Bxd6 Nd7 37. Rc3 Rxd5 38. Bb4 Kg7 39. Ke3 Nf6 40.
h3 Rb5 41. Rc5 Rxc5 42. Bxc5 Nd7 43. Bb6 Kf6 44. Kd3 Ke6 45. Kc4 Kd6 46. Be3
Kc6 47. a4 Nf8 48. g3 Nd7 49. g4 Nf8 50. Bf2 Ne6 51. h4 h6 52. Bg3 Kd6 53. Bf2
h5 54. g5 Nc7 55. Bc5+ Kc6 56. Bb6 Nd5 57. Bf2 Kd6 58. Bc5+ Kc6 59. Bb6 Nf4 60.
Be3 Ne6 61. Kd3 Kd5 62. Bb6 Nf4+ 63. Ke3 Ng2+ 64. Ke2 Nxh4 65. Bf2 Nf5 66. Kf3
Nd4+ 67. Kg3 Ke4 68. Kg2 Kd3 69. Kf1 e4 70. Kg2 e3 71. Bxe3 Kxe3 0-1

[Event "Zonal 2.4 Brasil 2011"]
[Site "Rio de Janeiro BRA"]
[Date "2011.06.25"]
[Round "8.1"]
[White "Bittencourt, Jorge"]
[Black "Fier, Alexandr"]
[Result "0-1"]
[WhiteElo "2446"]
[BlackElo "2560"]
[PlyCount "48"]
[EventDate "2011.06.18"]
[EventType "swiss"]
[EventRounds "9"]
[EventCountry "BRA"]
[Source "lmi"]
[SourceDate "2011.06.18"]

1. d4 d5 2. c4 dxc4 3. Nf3 c6 4. e3 Be6 5. a4 Nf6 6. Na3 Bd5 7. Nxc4 e6 8. Be2
c5 9. O-O Nc6 10. b3 Bxf3 11. Bxf3 cxd4 12. exd4 Be7 13. Bb2 O-O 14. Ne3 Qb6
15. d5 Rad8 16. Nc4 Qc7 17. Bxf6 Bxf6 18. d6 Qb8 19. Rc1 Ne5 20. Nxe5 Bxe5 21.
d7 Bxh2+ 22. Kh1 Bd6 23. Rc4 Rxd7 24. Rd4 Rdd8 0-1

[Event "Zonal 2.4 Brasil 2011"]
[Site "Rio de Janeiro BRA"]
[Date "2011.06.25"]
[Round "8.2"]
[White "Barbosa, Evandro Amorim"]
[Black "El Debs, Felipe De Cresce"]
[Result "1-0"]
[WhiteElo "2343"]
[BlackElo "2497"]
[PlyCount "59"]
[EventDate "2011.06.18"]
[EventType "swiss"]
[EventRounds "9"]
[EventCountry "BRA"]
[Source "lmi"]
[SourceDate "2011.06.18"]

1. e4 e5 2. Nf3 Qe7 3. Nc3 c6 4. d4 d6 5. a4 g6 6. h3 Nf6 7. dxe5 dxe5 8. Bc4
Bg7 9. O-O O-O 10. b3 Nbd7 11. Ba3 Nc5 12. a5 Rb8 13. Qe2 Bh6 14. Na4 b6 15.
axb6 axb6 16. Nxc5 bxc5 17. Bb2 Bf4 18. Ra5 Nd7 19. Rd1 Bb7 20. Ra7 Rfd8 21. g3
Bh6 22. Bxe5 Nxe5 23. Rxd8+ Rxd8 24. Nxe5 Qxe5 25. Rxb7 Rf8 26. Qf3 Qe8 27. Kg2
Bg7 28. h4 h5 29. Qf4 Bd4 30. e5 1-0

[Event "Zonal 2.4 Brasil 2011"]
[Site "Rio de Janeiro BRA"]
[Date "2011.06.25"]
[Round "8.3"]
[White "Di Berardino, Diego Rafael"]
[Black "Matsuura, Everaldo"]
[Result "1/2-1/2"]
[WhiteElo "2480"]
[BlackElo "2480"]
[PlyCount "42"]
[EventDate "2011.06.18"]
[EventType "swiss"]
[EventRounds "9"]
[EventCountry "BRA"]
[Source "lmi"]
[SourceDate "2011.06.18"]

1. d4 d5 2. c4 e5 3. dxe5 d4 4. Nf3 Nc6 5. a3 Be6 6. e4 dxe3 7. Qxd8+ Rxd8 8.
Bxe3 Nge7 9. Nbd2 Ng6 10. Ng5 Bf5 11. e6 fxe6 12. Be2 Nd4 13. Bxd4 Rxd4 14. g3
Ne5 15. O-O-O Be7 16. Ngf3 Nd3+ 17. Bxd3 Rxd3 18. Rde1 O-O 19. Ne5 Rd6 20. f4
h6 21. h4 Rfd8 1/2-1/2

[Event "Zonal 2.4 Brasil 2011"]
[Site "Rio de Janeiro BRA"]
[Date "2011.06.25"]
[Round "8.4"]
[White "Molina, Roberto Junio Brito"]
[Black "Macedo, Maximo Iack"]
[Result "1-0"]
[WhiteElo "2406"]
[BlackElo "2314"]
[PlyCount "64"]
[EventDate "2011.06.18"]
[EventType "swiss"]
[EventRounds "9"]
[EventCountry "BRA"]
[Source "lmi"]
[SourceDate "2011.06.18"]

1. d4 Nf6 2. c4 e6 3. Nc3 d5 4. cxd5 exd5 5. Bg5 Be7 6. e3 O-O 7. Bd3 Nbd7 8.
Nge2 Re8 9. O-O Nf8 10. Qc2 h6 11. Bh4 Ne6 12. h3 c6 13. a3 Nh5 14. Bxe7 Qxe7
15. f4 Nf8 16. Rf3 Nf6 17. Raf1 c5 18. dxc5 Qxc5 19. Nb5 Qxc2 20. Bxc2 Ne6 21.
Nbc3 b6 22. Rd1 Bb7 23. Rff1 Nc5 24. b4 Nce4 25. Nxe4 dxe4 26. Ba4 Red8 27. Nd4
Rac8 28. Rfe1 Nd5 29. Bb3 Nc3 30. Rd2 Nb5 31. Red1 Nc3 32. Ne6 fxe6 1-0

[Event "Zonal 2.4 Brasil 2011"]
[Site "Rio de Janeiro BRA"]
[Date "2011.06.25"]
[Round "8.5"]
[White "Cordova, Emilio"]
[Black "Guimaraes, Wagner Peixoto"]
[Result "1-0"]
[WhiteElo "2561"]
[BlackElo "2277"]
[PlyCount "161"]
[EventDate "2011.06.18"]
[EventType "swiss"]
[EventRounds "9"]
[EventCountry "BRA"]
[Source "lmi"]
[SourceDate "2011.06.18"]

1. d4 d5 2. Nf3 c6 3. c4 Nf6 4. e3 g6 5. Nc3 Bg7 6. cxd5 cxd5 7. Be2 O-O 8. O-O
Nc6 9. Bd2 Bg4 10. h3 Bxf3 11. Bxf3 e5 12. dxe5 Nxe5 13. Be2 Rc8 14. Qb3 Nc4
15. Rad1 Qa5 16. Bc1 Nb6 17. Bf3 Rfd8 18. g3 h5 19. Bg2 Qc5 20. Rd3 Nc4 21.
Rfd1 Ne5 22. R3d2 Nc4 23. Rd4 Nb6 24. R4d3 Rd7 25. a3 Rcd8 26. Qa2 Nc4 27. Na4
Qa5 28. b3 Ne5 29. Bd2 Qb5 30. Rd4 Ne4 31. Be1 Qc6 32. f3 Ng5 33. Qe2 Ne6 34.
R4d2 b5 35. Nb2 Qb6 36. f4 Nc6 37. Rxd5 Rxd5 38. Rxd5 Rxd5 39. Bxd5 Ncd4 40.
Qf2 Qc5 41. Bxe6 fxe6 42. Nd1 Nxb3 43. Qa2 Qc4 44. Qb1 Nc5 45. Nf2 Qe2 46. Bb4
Qxe3 47. Bxc5 Qxc5 48. Qxg6 Kh8 49. Kf1 Qf5 50. Qe8+ Kh7 51. Qc6 h4 52. gxh4
Qxf4 53. Qxb5 Qc1+ 54. Kg2 Qxa3 55. Qh5+ Kg8 56. Qe8+ Qf8 57. Qxe6+ Qf7 58.
Qc8+ Kh7 59. Ne4 Bh6 60. Qc5 Qa2+ 61. Nf2 Qf7 62. Qb5 Be3 63. Ng4 Bb6 64. Qd3+
Qg6 65. Qc4 Kh8 66. Qa4 Qg7 67. Qe8+ Kh7 68. Qe4+ Kh8 69. Qe8+ Kh7 70. Qh5+ Kg8
71. Qd5+ Kh8 72. h5 Qb2+ 73. Kg3 Qa3+ 74. Kf4 Qb4+ 75. Kf5 Qc5 76. Qxc5 Bxc5
77. Kg6 Bd4 78. h6 a5 79. h7 Bg7 80. Ne3 a4 81. Nc4 1-0

[Event "Zonal 2.4 Brasil 2011"]
[Site "Rio de Janeiro BRA"]
[Date "2011.06.25"]
[Round "8.6"]
[White "Toth, Christian Endre"]
[Black "Pluschkat, Gustavo Ranulpho"]
[Result "1-0"]
[WhiteElo "2366"]
[BlackElo "1942"]
[PlyCount "61"]
[EventDate "2011.06.18"]
[EventType "swiss"]
[EventRounds "9"]
[EventCountry "BRA"]
[Source "lmi"]
[SourceDate "2011.06.18"]

1. c4 e5 2. Nc3 Nf6 3. g3 Nc6 4. Bg2 Bb4 5. Nd5 Bc5 6. d3 Nxd5 7. cxd5 Ne7 8.
Nf3 d6 9. d4 exd4 10. Nxd4 O-O 11. O-O Re8 12. e4 Ng6 13. h3 Bd7 14. Be3 Bb6
15. Rc1 Rc8 16. Qb3 a6 17. Kh2 h5 18. f4 f6 19. Qd1 Nf8 20. Qxh5 g6 21. Qf3 Re7
22. f5 Rf7 23. Ne6 Qe7 24. Bxb6 cxb6 25. Qe3 g5 26. Qxb6 Rh7 27. Rxc8 Bxc8 28.
Rc1 Bd7 29. Rc7 Rh8 30. Rxb7 g4 31. h4 1-0

[Event "Zonal 2.4 Brasil 2011"]
[Site "Rio de Janeiro BRA"]
[Date "2011.06.25"]
[Round "8.7"]
[White "Aranha Filho, Alvaro Z"]
[Black "Santiago, Yago De Moura"]
[Result "1-0"]
[WhiteElo "2302"]
[BlackElo "2238"]
[PlyCount "93"]
[EventDate "2011.06.18"]
[EventType "swiss"]
[EventRounds "9"]
[EventCountry "BRA"]
[Source "lmi"]
[SourceDate "2011.06.18"]

1. d4 d5 2. Nf3 Nf6 3. c4 e6 4. Nc3 c6 5. cxd5 exd5 6. Bg5 Be7 7. Qc2 O-O 8. e3
Nbd7 9. Bd3 Re8 10. O-O Nf8 11. Rab1 g6 12. b4 Ne6 13. Bh4 Ng7 14. b5 Bf5 15.
Bxf5 Nxf5 16. Bxf6 Bxf6 17. bxc6 bxc6 18. Na4 Rc8 19. Nc5 Re7 20. Qa4 Nd6 21.
Qa6 Qc7 22. Rb3 Bg7 23. Rfb1 f5 24. g3 Rce8 25. Nd3 Qc8 26. Qxc8 Rxc8 27. Rb8
Ree8 28. Rxc8 Rxc8 29. Nd2 Kf7 30. Rb3 Rc7 31. Nc5 Ke7 32. Kf1 g5 33. Ke2 f4
34. g4 fxe3 35. Rxe3+ Kf7 36. Ne6 Rc8 37. Nxg5+ Kg8 38. Ne6 Nb5 39. Nxg7 Kxg7
40. Nb3 Rc7 41. f4 h5 42. h3 hxg4 43. hxg4 a5 44. a4 Nd6 45. Nc5 Rf7 46. f5 Nc8
47. Re8 1-0

[Event "Zonal 2.4 Brasil 2011"]
[Site "Rio de Janeiro BRA"]
[Date "2011.06.25"]
[Round "8.8"]
[White "Condori, Edwin"]
[Black "Teixeira, Ricardo Da Silva"]
[Result "1/2-1/2"]
[WhiteElo "2159"]
[BlackElo "2292"]
[PlyCount "108"]
[EventDate "2011.06.18"]
[EventType "swiss"]
[EventRounds "9"]
[EventCountry "BRA"]
[Source "lmi"]
[SourceDate "2011.06.18"]

1. d4 e6 2. c4 f5 3. g3 Nf6 4. Bg2 c6 5. Nf3 d5 6. O-O Bd6 7. Qc2 O-O 8. b3 Qe7
9. a4 a5 10. Ba3 Bxa3 11. Nxa3 Ne4 12. Ne5 Nd7 13. Nxd7 Bxd7 14. f3 Nf6 15. f4
h6 16. c5 b6 17. Rfc1 bxc5 18. Qxc5 Qxc5 19. Rxc5 Rfb8 20. Rc3 Kf8 21. Nc2 Ke7
22. Ne1 Rb4 23. e3 Rab8 24. Ra3 Be8 25. Nd3 R4b6 26. h3 Bh5 27. Kf2 Bd1 28. Ne5
g5 29. Ke1 Bh5 30. Nd3 Rg8 31. Kf2 Kd6 32. Ra1 Rgb8 33. Ra3 Bd1 34. Nc5 gxf4
35. gxf4 Ne4+ 36. Bxe4 dxe4 37. Ke1 Bf3 38. Ra2 Rg8 39. Rh2 Rg1+ 40. Kf2 Rd1
41. Kg3 Rb8 42. Kh4 Rg1 43. Rhc2 Rg6 44. Na6 Rb6 45. Nc5 Rg7 46. Rc1 Ke7 47.
R1c2 Kf6 48. Rc1 Ke7 49. R1c2 Kd6 50. Rc1 Rb8 51. Na6 Rb6 52. Nc5 Rg2 53. R3c2
Rg7 54. Rc3 Rb8 1/2-1/2

[Event "Zonal 2.4 Brasil 2011"]
[Site "Rio de Janeiro BRA"]
[Date "2011.06.25"]
[Round "8.9"]
[White "Madeira, Wagner Martins"]
[Black "Cavalcanti, Francisco De Assis"]
[Result "1-0"]
[WhiteElo "2210"]
[BlackElo "2284"]
[PlyCount "57"]
[EventDate "2011.06.18"]
[EventType "swiss"]
[EventRounds "9"]
[EventCountry "BRA"]
[Source "lmi"]
[SourceDate "2011.06.18"]

1. e4 c5 2. Nf3 Nc6 3. d4 cxd4 4. Nxd4 Nf6 5. Nc3 d6 6. Be2 e6 7. Be3 Be7 8.
O-O O-O 9. Kh1 Bd7 10. f4 Qc7 11. Qe1 Nxd4 12. Bxd4 Bc6 13. Qg3 Rfd8 14. Rae1
d5 15. exd5 Bxd5 16. Be5 Qd7 17. Nxd5 exd5 18. Bf3 Rac8 19. Bxf6 Bxf6 20. Bg4
Qc6 21. Bxc8 Rxc8 22. c3 h5 23. Qf3 Qb5 24. Qxh5 Qxb2 25. Qxd5 b6 26. Qd7 Rf8
27. Qxa7 Qxc3 28. Qxb6 Ra8 29. Qb5 1-0

[Event "Zonal 2.4 Brasil 2011"]
[Site "Rio de Janeiro BRA"]
[Date "2011.06.25"]
[Round "8.10"]
[White "Palacios, Efrain"]
[Black "Zambrana, Oswaldo"]
[Result "1/2-1/2"]
[WhiteElo "2176"]
[BlackElo "2514"]
[PlyCount "97"]
[EventDate "2011.06.18"]
[EventType "swiss"]
[EventRounds "9"]
[EventCountry "BRA"]
[Source "lmi"]
[SourceDate "2011.06.18"]

1. c4 Nf6 2. Nc3 d5 3. cxd5 Nxd5 4. e4 Nxc3 5. bxc3 g6 6. h4 h5 7. d4 Bg7 8.
Bc4 c5 9. Ne2 O-O 10. Be3 Nc6 11. Qd2 Qa5 12. Rd1 cxd4 13. cxd4 Qxd2+ 14. Rxd2
Na5 15. Bd3 Bd7 16. O-O b5 17. Rc1 Rfc8 18. Rdc2 a6 19. Rc7 Bc6 20. Rxc8+ Rxc8
21. d5 Bd7 22. Rxc8+ Bxc8 23. Bb6 Nb7 24. Nd4 e6 25. dxe6 fxe6 26. e5 Kf7 27.
f4 Bf8 28. Nb3 Be7 29. g3 Bd8 30. Bxd8 Nxd8 31. Nc5 Nc6 32. a3 Ne7 33. Kf2 Nf5
34. Bxf5 gxf5 35. Ke3 Ke7 36. Kd4 Kd8 37. a4 bxa4 38. Nxa4 Kc7 39. Kc5 Bd7 40.
Nc3 Bc6 41. Ne2 Bb7 42. Nd4 Bc8 43. Nc6 Bd7 44. Na5 Bb5 45. Nb3 Bc6 46. Nd4 Bd7
47. Nf3 Bc8 48. Ng5 Bd7 49. Nf3 1/2-1/2

[Event "Zonal 2.4 Brasil 2011"]
[Site "Rio de Janeiro BRA"]
[Date "2011.06.25"]
[Round "8.11"]
[White "Espinoza, Palomino Willyam"]
[Black "Borda, Alan"]
[Result "1/2-1/2"]
[WhiteElo "2295"]
[BlackElo "2151"]
[PlyCount "33"]
[EventDate "2011.06.18"]
[EventType "swiss"]
[EventRounds "9"]
[EventCountry "BRA"]
[Source "lmi"]
[SourceDate "2011.06.18"]

1. e4 c6 2. d4 d5 3. Nc3 dxe4 4. Nxe4 Nd7 5. Ng5 Ngf6 6. Bd3 e6 7. N1f3 h6 8.
Nxe6 Qe7 9. O-O fxe6 10. Bg6+ Kd8 11. Bf4 Nd5 12. Bg3 Qb4 13. Qc1 Be7 14. c4
N5f6 15. a3 Qa4 16. Rd1 Nf8 17. Bf7 1/2-1/2

[Event "Zonal 2.4 Brasil 2011"]
[Site "Rio de Janeiro BRA"]
[Date "2011.06.25"]
[Round "8.12"]
[White "Quintiliano Pinto, Renato R"]
[Black "Mariano, Marceley Martins"]
[Result "1-0"]
[WhiteElo "2259"]
[BlackElo "2043"]
[PlyCount "65"]
[EventDate "2011.06.18"]
[EventType "swiss"]
[EventRounds "9"]
[EventCountry "BRA"]
[Source "lmi"]
[SourceDate "2011.06.18"]

1. d4 Nf6 2. c4 c5 3. d5 b5 4. cxb5 a6 5. bxa6 g6 6. Nc3 Bxa6 7. g3 Bg7 8. Bg2
d6 9. Nf3 Nbd7 10. Rb1 O-O 11. O-O Nb6 12. b3 Bb7 13. e4 Nfd7 14. Qd2 Bxc3 15.
Qxc3 Rxa2 16. Bh6 f6 17. Bxf8 Kxf8 18. Ra1 Qa8 19. Rxa2 Qxa2 20. Nd2 Qa7 21.
Ra1 Qb8 22. Bf1 h5 23. Bb5 Ne5 24. f4 Ng4 25. Qa5 Nxd5 26. exd5 Bxd5 27. Bc4
Bc6 28. Qa6 Be8 29. Qa8 Qb4 30. Qd5 Nh6 31. Ra8 Qb6 32. Qe6 Qb7 33. Qc8 1-0

[Event "Zonal 2.4 Brasil 2011"]
[Site "Rio de Janeiro BRA"]
[Date "2011.06.25"]
[Round "8.13"]
[White "Souza, Neves Andrey M"]
[Black "Mascarenhas, Alberto Pinheiro"]
[Result "0-1"]
[WhiteElo "2094"]
[BlackElo "2240"]
[PlyCount "106"]
[EventDate "2011.06.18"]
[EventType "swiss"]
[EventRounds "9"]
[EventCountry "BRA"]
[Source "lmi"]
[SourceDate "2011.06.18"]

1. Nf3 Nf6 2. b3 d6 3. d4 g6 4. Bb2 Bg7 5. g3 c5 6. d5 O-O 7. Bg2 Qa5+ 8. Qd2
Qxd2+ 9. Nfxd2 Na6 10. a3 Nc7 11. c4 b5 12. e4 Ba6 13. O-O Rab8 14. Ra2 Rb7 15.
e5 Ng4 16. exd6 exd6 17. Bxg7 Kxg7 18. b4 bxc4 19. bxc5 c3 20. Nxc3 Bxf1 21.
Kxf1 Rfb8 22. Rc2 Ne8 23. Nc4 dxc5 24. d6 Rb3 25. Ne4 f5 26. Nxc5 Rb1+ 27. Ke2
Nxd6 28. Nxd6 R1b2 29. Kd2 Nxf2 30. Ncb7 Rxc2+ 31. Kxc2 Ng4 32. Kb3 Nxh2 33.
Ka4 Ng4 34. Ka5 Ne3 35. Bc6 Nf1 36. Ka6 Nxg3 37. Kxa7 Rf8 38. Nc5 Kh6 39. Nd7
Rg8 40. Bd5 Rg7 41. Nf7+ Kh5 42. a4 Ne4 43. Kb6 Nc3 44. Bf3+ Kh4 45. a5 Rxf7
46. Kc6 Ne4 47. Be2 Re7 48. Bf1 Kg3 49. Bb5 h5 50. Kd5 h4 51. a6 Nc3+ 52. Kd6
Nxb5+ 53. Kxe7 h3 0-1

[Event "Zonal 2.4 Brasil 2011"]
[Site "Rio de Janeiro BRA"]
[Date "2011.06.25"]
[Round "8.14"]
[White "De Paiva, Pedro Henrique"]
[Black "Cuellar, Diego"]
[Result "1/2-1/2"]
[WhiteElo "2239"]
[BlackElo "2124"]
[PlyCount "76"]
[EventDate "2011.06.18"]
[EventType "swiss"]
[EventRounds "9"]
[EventCountry "BRA"]
[Source "lmi"]
[SourceDate "2011.06.18"]

1. d4 d5 2. c4 Bf5 3. Nc3 e6 4. Nf3 Nc6 5. cxd5 exd5 6. Bg5 f6 7. Bh4 Bb4 8. e3
Nge7 9. Rc1 Qd7 10. Be2 O-O 11. O-O Bxc3 12. Rxc3 Nd8 13. Bg3 Ne6 14. b4 Nc8
15. Qb3 Nb6 16. Rfc1 Rf7 17. b5 Bg4 18. a4 Bxf3 19. Bxf3 a5 20. bxa6 Rxa6 21.
Be2 Qxa4 22. Bxa6 Qxa6 23. Rb1 Na4 24. Ra1 b5 25. Qc2 Re7 26. Rc6 Qb7 27. Rc1
Nb6 28. Qa2 b4 29. R6c2 Nc4 30. Rxc4 b3 31. Qa4 b2 32. Rb1 dxc4 33. Qxc4 Qa7
34. d5 Qa1 35. Qc2 Rd7 36. Qxb2 Qxb2 37. Rxb2 Rxd5 38. Kf1 Kf7 1/2-1/2

[Event "Zonal 2.4 Brasil 2011"]
[Site "Rio de Janeiro BRA"]
[Date "2011.06.25"]
[Round "8.15"]
[White "Dias, Simao Poscidonio"]
[Black "Abdalla, Luiz Guilherme Aure"]
[Result "1-0"]
[WhiteElo "2029"]
[BlackElo "2289"]
[PlyCount "103"]
[EventDate "2011.06.18"]
[EventType "swiss"]
[EventRounds "9"]
[EventCountry "BRA"]
[Source "lmi"]
[SourceDate "2011.06.18"]

1. d4 Nf6 2. Nf3 d5 3. c4 g6 4. Nc3 Bg7 5. cxd5 Nxd5 6. e4 Nxc3 7. bxc3 c5 8.
Bc4 O-O 9. Be3 Nc6 10. O-O Bg4 11. e5 Rc8 12. Rc1 Na5 13. Be2 Be6 14. dxc5 Qc7
15. Qa4 Nc6 16. Ng5 Qxe5 17. Qh4 h6 18. Nxe6 Qxe6 19. Bc4 Qf6 20. Qxf6 exf6 21.
Rb1 Rc7 22. Bd5 f5 23. c4 Re8 24. Rxb7 Rec8 25. Rfb1 Nd4 26. Kf1 g5 27. Rxc7
Rxc7 28. Rb7 Rxc5 29. Rxa7 f4 30. Bxf7+ Kh8 31. Bxd4 Bxd4 32. Bd5 Rc8 33. Ra8
Rxa8 34. Bxa8 Kg7 35. Ke2 Kf6 36. f3 Ke5 37. Kd3 Bc5 38. a4 Bb6 39. Bb7 Bg1 40.
a5 h5 41. h3 h4 42. Kc3 Bc5 43. Be4 Kd6 44. Kb3 Kc7 45. Ka4 Be7 46. Kb5 Kb8 47.
Kc6 Bd8 48. a6 Ba5 49. c5 Bd8 50. Kd7 Ba5 51. c6 Bb6 52. a7+ 1-0

[Event "Zonal 2.4 Brasil 2011"]
[Site "Rio de Janeiro BRA"]
[Date "2011.06.25"]
[Round "8.16"]
[White "Brito, Luismar"]
[Black "Bil, Angelo"]
[Result "1-0"]
[WhiteElo "2277"]
[BlackElo "2104"]
[PlyCount "81"]
[EventDate "2011.06.18"]
[EventType "swiss"]
[EventRounds "9"]
[EventCountry "BRA"]
[Source "lmi"]
[SourceDate "2011.06.18"]

1. e4 c5 2. Nf3 Nc6 3. Nc3 e5 4. Bc4 Be7 5. d3 Nf6 6. Bg5 d6 7. h3 O-O 8. Bxf6
Bxf6 9. O-O g6 10. Nd5 Bg7 11. c3 Ne7 12. a4 Bd7 13. Qb3 Bc6 14. Ne3 Rb8 15. h4
Be8 16. g3 h6 17. Kg2 Bd7 18. Rh1 Bf6 19. g4 Qc8 20. Kg3 Be6 21. g5 Bg7 22. h5
d5 23. Nxd5 Bxd5 24. Bxd5 Nxd5 25. Qxd5 hxg5 26. hxg6 Qd8 27. Rh5 Qxd5 28. exd5
f6 29. c4 b6 30. Re1 Rfd8 31. Kg4 a6 32. b3 Rb7 33. Kf5 Kf8 34. Nd2 Rbd7 35.
Ne4 Rd6 36. Reh1 Kg8 37. Rh7 a5 38. Rxg7+ Kxg7 39. Rh7+ Kg8 40. Nxd6 Rxd6 41.
Rf7 1-0

[Event "Zonal 2.4 Brasil 2011"]
[Site "Rio de Janeiro BRA"]
[Date "2011.06.25"]
[Round "8.17"]
[White "Maia Jose, Eduardo Bastos O"]
[Black "Miranda Neto, Jayme Amorim"]
[Result "1/2-1/2"]
[WhiteElo "2127"]
[BlackElo "2070"]
[PlyCount "37"]
[EventDate "2011.06.18"]
[EventType "swiss"]
[EventRounds "9"]
[EventCountry "BRA"]
[Source "lmi"]
[SourceDate "2011.06.18"]

1. d4 d5 2. c4 e6 3. Nf3 Nf6 4. g3 Bb4+ 5. Bd2 Bxd2+ 6. Nbxd2 O-O 7. Bg2 c6 8.
O-O Nbd7 9. Qc2 Re8 10. Rac1 e5 11. cxd5 Nxd5 12. Nc4 e4 13. Nfe5 N7f6 14. e3
Bf5 15. Qb3 Qe7 16. Qa3 Nb4 17. Nd2 h5 18. Rc5 Nbd5 19. Rcc1 1/2-1/2

[Event "Zonal 2.4 Brasil 2011"]
[Site "Rio de Janeiro BRA"]
[Date "2011.06.25"]
[Round "8.18"]
[White "Da Silva, Wagner Jose"]
[Black "Ferreira, Kleber Victor"]
[Result "0-1"]
[WhiteElo "1828"]
[BlackElo "2099"]
[PlyCount "108"]
[EventDate "2011.06.18"]
[EventType "swiss"]
[EventRounds "9"]
[EventCountry "BRA"]
[Source "lmi"]
[SourceDate "2011.06.18"]

1. e4 e5 2. Nf3 Nc6 3. Bb5 f5 4. Nc3 fxe4 5. Nxe4 Nf6 6. Nxf6+ Qxf6 7. O-O Be7
8. Qe2 Nd4 9. Nxd4 exd4 10. Re1 c6 11. Bd3 d6 12. b4 Kd8 13. Bb2 Re8 14. c3 Bd7
15. cxd4 d5 16. Qd1 Rf8 17. Re2 Bd6 18. Qb3 Bg4 19. f3 Qf4 20. Re5 Bxe5 21.
dxe5 Bf5 22. Bf1 Qxd2 23. Rd1 Qc2 24. Rxd5+ cxd5 25. Qxd5+ Bd7 26. Bb5 Qc7 27.
Bd4 Re8 28. f4 Kc8 29. Bd3 Be6 30. Qe4 g6 31. Bb5 Bd7 32. Be2 Qc1+ 33. Kf2 Bc6
34. Qd3 Qxf4+ 35. Kg1 Rd8 36. Qh3+ Kc7 37. Be3 Qxb4 38. e6 Qe7 39. Qg3+ Rd6 40.
Bf4 Rad8 41. Bg4 b6 42. h4 Kb7 43. Bg5 Qc7 44. Kh2 Rd3 45. Qxc7+ Kxc7 46. Bf4+
Kb7 47. h5 R3d4 48. g3 Re8 49. hxg6 hxg6 50. Bh3 Rxf4 51. gxf4 Bd5 52. f5 gxf5
53. Bxf5 Bxe6 54. Bb1 Bxa2 0-1

[Event "Zonal 2.4 Brasil 2011"]
[Site "Rio de Janeiro BRA"]
[Date "2011.06.25"]
[Round "8.19"]
[White "Cuellar, Ulises"]
[Black "Gonzalez, Bolivar Ribeiro"]
[Result "1/2-1/2"]
[WhiteElo "1994"]
[BlackElo "2317"]
[PlyCount "37"]
[EventDate "2011.06.18"]
[EventType "swiss"]
[EventRounds "9"]
[EventCountry "BRA"]
[Source "lmi"]
[SourceDate "2011.06.18"]

1. e4 c5 2. Nf3 Nc6 3. d4 cxd4 4. Nxd4 Nf6 5. Nc3 d6 6. Be2 e6 7. O-O Be7 8.
Be3 a6 9. f4 Qc7 10. Bf3 Na5 11. Kh1 Rb8 12. Qe1 O-O 13. Rd1 b5 14. Qg3 b4 15.
Nce2 Nd7 16. e5 dxe5 17. fxe5 Kh8 18. Bh5 Kg8 19. Bh6 1/2-1/2

[Event "Zonal 2.4 Brasil 2011"]
[Site "Rio de Janeiro BRA"]
[Date "2011.06.25"]
[Round "8.20"]
[White "Silva, Marcelo Dos Santos"]
[Black "Dos Santos Jr, Braulio"]
[Result "0-1"]
[WhiteElo "2038"]
[BlackElo "2016"]
[PlyCount "76"]
[EventDate "2011.06.18"]
[EventType "swiss"]
[EventRounds "9"]
[EventCountry "BRA"]
[Source "lmi"]
[SourceDate "2011.06.18"]

1. c4 e5 2. Nc3 Nc6 3. Nf3 Nf6 4. a3 a5 5. d4 exd4 6. Nxd4 Bc5 7. e3 O-O 8. Be2
Ne5 9. O-O d5 10. Nb3 Bd6 11. Nxd5 Nxd5 12. cxd5 Qh4 13. f4 Ng4 14. h3 Nf6 15.
Bf3 Bf5 16. Qe1 Qh6 17. Bd2 Rfe8 18. Nd4 Bd3 19. Ne2 Ne4 20. Bxe4 Bxe4 21. Nc3
Bc5 22. Qg3 Rad8 23. Nxe4 Rxe4 24. Kh1 Rxd5 25. Qf3 Qe6 26. Rad1 Qe7 27. Bc1 c6
28. Rfe1 f5 29. Rxd5 cxd5 30. Rd1 Qe6 31. Rd3 d4 32. Bd2 dxe3 33. Rd8+ Kf7 34.
Be1 g6 35. Qg3 Be7 36. Rh8 Kg7 37. Bc3+ Bf6 38. Bxf6+ Qxf6 0-1

[Event "Zonal 2.4 Brasil 2011"]
[Site "Rio de Janeiro BRA"]
[Date "2011.06.25"]
[Round "8.22"]
[White "Pazos, Marco"]
[Black "Chiari, Arthur Gontijo"]
[Result "1/2-1/2"]
[WhiteElo "1985"]
[BlackElo "2016"]
[PlyCount "181"]
[EventDate "2011.06.18"]
[EventType "swiss"]
[EventRounds "9"]
[EventCountry "BRA"]
[Source "lmi"]
[SourceDate "2011.06.18"]

1. Nf3 c5 2. g3 g6 3. Bg2 Bg7 4. e4 Nc6 5. O-O d6 6. d3 e5 7. Nc3 Nge7 8. Ne1
O-O 9. f4 Be6 10. Be3 b6 11. f5 gxf5 12. exf5 Nxf5 13. Rxf5 Bxf5 14. Bxc6 Rc8
15. Bd5 Kh8 16. Nf3 Qd7 17. Qd2 Bg4 18. Rf1 f5 19. Ng5 Rce8 20. Qg2 Rb8 21. h3
Bh5 22. Ne6 Rf6 23. g4 fxg4 24. Rxf6 Bxf6 25. Ne4 Be7 26. hxg4 Bf7 27. N4g5
Bxg5 28. Nxg5 Bxd5 29. Qxd5 Qxg4+ 30. Qg2 Qxg2+ 31. Kxg2 Kg7 32. Kf3 h5 33. Ke4
Kf6 34. Kd5 Ke7 35. Ne4 Rg8 36. Bg5+ Kf7 37. Kxd6 Kg6 38. Kxe5 Re8+ 39. Kf4
Rf8+ 40. Kg3 Rf1 41. Bd2 Rb1 42. Bc3 Rc1 43. Nd6 Rxc2 44. a3 a6 45. Nc4 b5 46.
Ne5+ Kf5 47. Nf3 a5 48. Ne1 h4+ 49. Kxh4 Re2 50. Nf3 Kf4 51. Ng1 Rh2+ 52. Nh3+
Kf3 53. Bxa5 Kg2 54. Bb6 Rxh3+ 55. Kg4 Rxd3 56. Bxc5 Rd2 57. b3 Rd3 58. a4 Rxb3
59. axb5 Rxb5 60. Bd6 Rd5 61. Bc7 Rd4+ 62. Kf5 Kf3 63. Ke5 Rd3 64. Bb6 Rb3 65.
Bc7 Rb5+ 66. Kd6 Ke4 67. Kc6 Rb4 68. Kc5 Rb2 69. Kc6 Kd4 70. Bb6+ Kc4 71. Bg1
Rg2 72. Be3 Rg7 73. Bf2 Kd3 74. Bb6 Ke4 75. Bc7 Kd4 76. Bb6+ Ke5 77. Bc7+ Ke6
78. Bb6 Rg3 79. Bd4 Rd3 80. Bf2 Rc3+ 81. Kb7 Ra3 82. Kc6 Ra2 83. Be3 Ke7 84.
Kd5 Kd7 85. Ke4 Ke6 86. Bb6 Ra3 87. Bg1 Rg3 88. Ba7 Rg4+ 89. Kf3 Kf5 90. Bb8
Rb4 91. Ba7 1/2-1/2